000 00319nam a22001337a 4500
008 170418b xxu||||| |||| 00| 0 eng d
020 _a0914826298
041 _aeng
080 _a579
100 _a11
101 _aSHM
245 _aMANUALA OF METHODS FOR GENERAL BACTERIOLOGY
_cGERHARDT.P
942 _2udc
_cBK
999 _c10957
_d10957